000 00252nam a22001217a 4500
008 180206b xxu||||| |||| 00| 0 eng d
041 _aeng
080 _a82
100 _a22
101 _aGJU
245 _aTEXT KRITIK
_cRICHARD.B
942 _2udc
_cBK
999 _c41849
_d41849